<?xml version="1.0" encoding="UTF-8"?>
<record
    xmlns:xsi="http://www.w3.org/2001/XMLSchema-instance"
    xsi:schemaLocation="http://www.loc.gov/MARC21/slim http://www.loc.gov/standards/marcxml/schema/MARC21slim.xsd"
    xmlns="http://www.loc.gov/MARC21/slim">

  <leader>00448nam a22001697a 4500</leader>
  <controlfield tag="005">20160630130157.0</controlfield>
  <controlfield tag="008">160630b        xxu||||| |||| 00| 0 eng d</controlfield>
  <datafield tag="020" ind1=" " ind2=" ">
    <subfield code="a">81-219-2457-X</subfield>
  </datafield>
  <datafield tag="041" ind1=" " ind2=" ">
    <subfield code="a">eng</subfield>
  </datafield>
  <datafield tag="082" ind1=" " ind2=" ">
    <subfield code="b">19849</subfield>
  </datafield>
  <datafield tag="100" ind1=" " ind2=" ">
    <subfield code="a"> Ramamurthy Prof. T N &amp; Sitharam Prof. T G</subfield>
    <subfield code="9">3311</subfield>
  </datafield>
  <datafield tag="245" ind1=" " ind2=" ">
    <subfield code="a">Geotechnical Engineering</subfield>
  </datafield>
  <datafield tag="260" ind1=" " ind2=" ">
    <subfield code="a">New Delhi</subfield>
    <subfield code="b">Sultan Chand &amp; Sons, </subfield>
    <subfield code="c">2014</subfield>
  </datafield>
  <datafield tag="300" ind1=" " ind2=" ">
    <subfield code="a">282</subfield>
  </datafield>
  <datafield tag="650" ind1=" " ind2=" ">
    <subfield code="a">Diploma Engineering</subfield>
    <subfield code="9">817</subfield>
  </datafield>
  <datafield tag="942" ind1=" " ind2=" ">
    <subfield code="c">BK</subfield>
  </datafield>
  <datafield tag="999" ind1=" " ind2=" ">
    <subfield code="c">4935</subfield>
    <subfield code="d">4933</subfield>
  </datafield>
  <datafield tag="952" ind1=" " ind2=" ">
    <subfield code="0">0</subfield>
    <subfield code="1">0</subfield>
    <subfield code="4">0</subfield>
    <subfield code="7">0</subfield>
    <subfield code="a">JRU</subfield>
    <subfield code="b">MAIN</subfield>
    <subfield code="c">SHELF-88-C</subfield>
    <subfield code="d">2016-06-30</subfield>
    <subfield code="g">215.00</subfield>
    <subfield code="l">1</subfield>
    <subfield code="o">19849</subfield>
    <subfield code="p">19849</subfield>
    <subfield code="r">2020-12-29 00:00:00</subfield>
    <subfield code="s">2020-03-16</subfield>
    <subfield code="w">2016-06-30</subfield>
    <subfield code="y">BK</subfield>
  </datafield>
  <datafield tag="952" ind1=" " ind2=" ">
    <subfield code="0">0</subfield>
    <subfield code="1">0</subfield>
    <subfield code="4">0</subfield>
    <subfield code="7">0</subfield>
    <subfield code="8">MINING</subfield>
    <subfield code="a">JRU</subfield>
    <subfield code="b">JRU</subfield>
    <subfield code="c">SHELF-88-C</subfield>
    <subfield code="d">2016-06-30</subfield>
    <subfield code="g">215.00</subfield>
    <subfield code="l">5</subfield>
    <subfield code="m">1</subfield>
    <subfield code="o">19849</subfield>
    <subfield code="p">19850</subfield>
    <subfield code="r">2019-06-03 00:00:00</subfield>
    <subfield code="s">2019-06-01</subfield>
    <subfield code="w">2016-06-30</subfield>
    <subfield code="y">BK</subfield>
  </datafield>
  <datafield tag="952" ind1=" " ind2=" ">
    <subfield code="0">0</subfield>
    <subfield code="1">0</subfield>
    <subfield code="4">0</subfield>
    <subfield code="7">0</subfield>
    <subfield code="8">MINING</subfield>
    <subfield code="a">JRU</subfield>
    <subfield code="b">JRU</subfield>
    <subfield code="c">SHELF-88-C</subfield>
    <subfield code="d">2016-06-30</subfield>
    <subfield code="g">215.00</subfield>
    <subfield code="l">6</subfield>
    <subfield code="m">1</subfield>
    <subfield code="o">19849</subfield>
    <subfield code="p">19851</subfield>
    <subfield code="r">2024-06-26 15:57:52</subfield>
    <subfield code="s">2024-01-03</subfield>
    <subfield code="w">2016-06-30</subfield>
    <subfield code="y">BK</subfield>
  </datafield>
  <datafield tag="952" ind1=" " ind2=" ">
    <subfield code="0">0</subfield>
    <subfield code="1">0</subfield>
    <subfield code="4">0</subfield>
    <subfield code="7">0</subfield>
    <subfield code="8">MINING</subfield>
    <subfield code="a">JRU</subfield>
    <subfield code="b">JRU</subfield>
    <subfield code="c">SHELF-88-C</subfield>
    <subfield code="d">2016-06-30</subfield>
    <subfield code="g">215.00</subfield>
    <subfield code="l">2</subfield>
    <subfield code="m">1</subfield>
    <subfield code="o">19849</subfield>
    <subfield code="p">19852</subfield>
    <subfield code="r">2019-03-05 00:00:00</subfield>
    <subfield code="s">2019-02-16</subfield>
    <subfield code="w">2016-06-30</subfield>
    <subfield code="y">BK</subfield>
  </datafield>
  <datafield tag="952" ind1=" " ind2=" ">
    <subfield code="0">0</subfield>
    <subfield code="1">0</subfield>
    <subfield code="4">0</subfield>
    <subfield code="7">0</subfield>
    <subfield code="8">MINING</subfield>
    <subfield code="a">JRU</subfield>
    <subfield code="b">JRU</subfield>
    <subfield code="c">SHELF-88-C</subfield>
    <subfield code="d">2016-06-30</subfield>
    <subfield code="g">215.00</subfield>
    <subfield code="l">1</subfield>
    <subfield code="o">19849</subfield>
    <subfield code="p">19853</subfield>
    <subfield code="r">2018-03-16 00:00:00</subfield>
    <subfield code="s">2018-02-28</subfield>
    <subfield code="w">2016-06-30</subfield>
    <subfield code="y">BK</subfield>
  </datafield>
  <datafield tag="952" ind1=" " ind2=" ">
    <subfield code="0">0</subfield>
    <subfield code="1">0</subfield>
    <subfield code="4">0</subfield>
    <subfield code="7">0</subfield>
    <subfield code="8">MINING</subfield>
    <subfield code="a">JRU</subfield>
    <subfield code="b">JRU</subfield>
    <subfield code="c">SHELF-88-C</subfield>
    <subfield code="d">2016-06-30</subfield>
    <subfield code="g">215.00</subfield>
    <subfield code="l">4</subfield>
    <subfield code="m">1</subfield>
    <subfield code="o">19849</subfield>
    <subfield code="p">19854</subfield>
    <subfield code="r">2018-06-21 00:00:00</subfield>
    <subfield code="s">2018-06-05</subfield>
    <subfield code="w">2016-06-30</subfield>
    <subfield code="y">BK</subfield>
  </datafield>
  <datafield tag="952" ind1=" " ind2=" ">
    <subfield code="0">0</subfield>
    <subfield code="1">0</subfield>
    <subfield code="4">0</subfield>
    <subfield code="7">0</subfield>
    <subfield code="a">JRU</subfield>
    <subfield code="b">MAIN</subfield>
    <subfield code="c">SHELF-88-C</subfield>
    <subfield code="d">2016-06-30</subfield>
    <subfield code="g">215.00</subfield>
    <subfield code="l">4</subfield>
    <subfield code="m">1</subfield>
    <subfield code="o">19849</subfield>
    <subfield code="p">19855</subfield>
    <subfield code="r">2024-02-26 10:15:01</subfield>
    <subfield code="s">2023-08-21</subfield>
    <subfield code="w">2016-06-30</subfield>
    <subfield code="y">BK</subfield>
  </datafield>
  <datafield tag="952" ind1=" " ind2=" ">
    <subfield code="0">0</subfield>
    <subfield code="1">0</subfield>
    <subfield code="4">0</subfield>
    <subfield code="7">0</subfield>
    <subfield code="a">JRU</subfield>
    <subfield code="b">MAIN</subfield>
    <subfield code="c">SHELF-76-E</subfield>
    <subfield code="d">2016-06-30</subfield>
    <subfield code="g">215.00</subfield>
    <subfield code="l">4</subfield>
    <subfield code="m">1</subfield>
    <subfield code="o">19849</subfield>
    <subfield code="p">19856</subfield>
    <subfield code="r">2023-05-30 00:00:00</subfield>
    <subfield code="s">2023-03-20</subfield>
    <subfield code="w">2016-06-30</subfield>
    <subfield code="y">BK</subfield>
  </datafield>
  <datafield tag="952" ind1=" " ind2=" ">
    <subfield code="0">0</subfield>
    <subfield code="1">0</subfield>
    <subfield code="4">0</subfield>
    <subfield code="7">0</subfield>
    <subfield code="8">MINING</subfield>
    <subfield code="a">JRU</subfield>
    <subfield code="b">JRU</subfield>
    <subfield code="c">SHELF-88-C</subfield>
    <subfield code="d">2016-06-30</subfield>
    <subfield code="g">215.00</subfield>
    <subfield code="l">3</subfield>
    <subfield code="o">19849</subfield>
    <subfield code="p">19857</subfield>
    <subfield code="r">2024-03-21 14:41:03</subfield>
    <subfield code="s">2024-03-18</subfield>
    <subfield code="w">2016-06-30</subfield>
    <subfield code="y">BK</subfield>
  </datafield>
  <datafield tag="952" ind1=" " ind2=" ">
    <subfield code="0">0</subfield>
    <subfield code="1">0</subfield>
    <subfield code="4">0</subfield>
    <subfield code="7">0</subfield>
    <subfield code="8">MINING</subfield>
    <subfield code="a">JRU</subfield>
    <subfield code="b">JRU</subfield>
    <subfield code="c">SHELF-88-C</subfield>
    <subfield code="d">2016-06-30</subfield>
    <subfield code="g">215.00</subfield>
    <subfield code="l">6</subfield>
    <subfield code="m">1</subfield>
    <subfield code="o">19849</subfield>
    <subfield code="p">19858</subfield>
    <subfield code="r">2020-12-31 00:00:00</subfield>
    <subfield code="s">2020-03-16</subfield>
    <subfield code="w">2016-06-30</subfield>
    <subfield code="y">BK</subfield>
  </datafield>
</record>
